Country's names, but in Swedish - Statistics

General Stats
  • This quiz has been taken 52 times
  • The average score is 13 of 15
Answer Stats
Hint Answer % Correct
Albanien Albania
100%
Kambodja Cambodia
98%
Norge Norway
98%
Sydsudan South Sudan
98%
Polen Poland
96%
Sverige Sweden
94%
Brasilien Brazil
92%
Dominikanska Republiken Dominican Republic
92%
Ryssland Russia
92%
Spanien Spain
92%
Tchad Chad
90%
Österrike Austria
86%
Ungern Hungary
76%
Östtimor East Timor
73%
Porslinsföremål China
12%
No matching quizzes found
Score Distribution
Percent of People with Each Score
Percentile by Number Answered
Your Score History
You have not taken this quiz